[Event "SVK-chT2D 1516"]
[Site "Slovakia"]
[Date "2016.01.24"]
[Round "7.8"]
[White "Papp, Ladislav"]
[Black "Cisko, Miloslav"]
[Result "1/2-1/2"]
[WhiteElo "1886"]
[BlackElo "1697"]
[PlyCount "58"]
[EventDate "2015.10.17"]
[EventType "team-tourn"]
[EventRounds "11"]
[EventCountry "SVK"]
[SourceTitle "EXT 2017"]
[Source "ChessBase"]
[SourceDate "2016.10.25"]
[SourceVersion "1"]
[SourceVersionDate "2016.10.25"]
[SourceQuality "1"]
[WhiteTeam "Velke Kapusany"]
[BlackTeam "Spisska Stara Ves"]
[WhiteTeamCountry "SVK"]
[BlackTeamCountry "SVK"]

1. e4 e5 2. Nf3 Nc6 3. d4 exd4 4. Nxd4 Nxd4 5. Qxd4 b6 6. Nc3 Bb7 7. Be3 Ne7 8. 0-0-0 Nc6 9. Qd2 Bb4 10. a3 Bxc3 11. Qxc3 f6 12. Bc4 Qe7 13. f3 0-0-0 14. Rhe1 Kb8 15. Rd2 Rc8 16. Red1 Rhd8 17. Bf4 Ka8 18. Bd5 Ne5 19. Bxe5 fxe5 20. Bxb7+ Kxb7 21. Rd5 d6 22. Qd2 Qe6 23. Kb1 Rd7 24. a4 Rcd8 25. Qb4 c6 26. R5d2 a5 27. Qc3 Ra8 28. Qa3 Kc7 29. Qc3 Kb7 1/2-1/2

[Event "SVK-chT2D 1516"]
[Site "Slovakia"]
[Date "2015.12.06"]
[Round "6.7"]
[White "Ferkova, Dominika"]
[Black "Cisko, Miloslav"]
[Result "1/2-1/2"]
[WhiteElo "1802"]
[BlackElo "1697"]
[PlyCount "119"]
[EventDate "2015.10.17"]
[EventType "team-tourn"]
[EventRounds "11"]
[EventCountry "SVK"]
[SourceTitle "CBM 170 Extra"]
[Source "ChessBase"]
[SourceDate "2016.02.25"]
[SourceVersion "1"]
[SourceVersionDate "2016.02.25"]
[SourceQuality "1"]
[WhiteTeam "Bardejov II"]
[BlackTeam "Spisska Stara Ves"]
[WhiteTeamCountry "SVK"]
[BlackTeamCountry "SVK"]

1. d4 c5 2. d5 e6 3. c4 exd5 4. cxd5 d6 5. Nc3 Nf6 6. e4 Be7 7. Bd3 a6 8. a4 Bg4 9. Qb3 Qc7 10. h3 Bh5 11. Nge2 Nbd7 12. f4 Bxe2 13. Nxe2 Rc8 14. Qc4 Nb6 15. Qc3 c4 16. Bc2 Nbd7 17. Ng3 0-0 18. Be3 Ne8 19. Nf5 Bf6 20. Bd4 Bxd4 21. Qxd4 Qa5+ 22. Qc3 Qxc3+ 23. bxc3 Rc7 24. 0-0 g6 25. Ng3 f6 26. a5 Ng7 27. Rfe1 f5 28. e5 dxe5 29. fxe5 Nc5 30. Red1 Rd8 31. Ra4 Nb3 32. d6 Rc6 33. Rxc4 Nxa5 34. Rxc6 bxc6 35. Ra1 Nb7 36. Rxa6 Rc8 37. Bb3+ Kf8 38. Ra7 Rb8 39. Ra6 Nc5 40. Rxc6 Nxb3 41. c4 Nd4 42. Rc7 h5 43. Ra7 Nc6 44. Ra6 Nxe5 45. c5 Rc8 46. c6 Rxc6 47. Ra8+ Kf7 48. Ra7+ Kf6 49. d7 Ke7 50. d8Q+ Kxd8 51. Rxg7 Rc1+ 52. Kh2 Re1 53. Rh7 f4 54. Nxh5 gxh5 55. Rxh5 Nc4 56. Rd5+ Ke7 57. Rd4 Ne3 58. Rxf4 Re2 59. Kg3 Nxg2 60. Rf2 1/2-1/2

[Event "SVK-ch U16"]
[Site "Tatralandia"]
[Date "2015.04.20"]
[Round "3"]
[White "Sutor, Alexander"]
[Black "Cisko, Miloslav"]
[Result "1/2-1/2"]
[WhiteElo "1249"]
[BlackElo "1572"]
[PlyCount "77"]
[EventDate "2015.04.18"]
[EventType "swiss"]
[EventRounds "9"]
[EventCountry "SVK"]
[SourceTitle "CBM 166 Extra"]
[Source "ChessBase"]
[SourceDate "2015.06.18"]
[SourceVersion "1"]
[SourceVersionDate "2015.06.18"]
[SourceQuality "1"]

1. e4 c5 2. Nf3 Nc6 3. Bb5 a6 4. Bxc6 bxc6 5. 0-0 e6 6. d4 d5 7. Nc3 c4 8. Re1 Bb4 9. Bd2 Ne7 10. a3 Bxc3 11. Bxc3 0-0 12. e5 a5 13. Qd2 Nf5 14. Rab1 Bd7 15. b4 a4 16. Qd1 h6 17. Nd2 Qh4 18. Nf1 Qg5 19. Ng3 Nxg3 20. hxg3 f6 21. Qd2 Qg6 22. Re3 fxe5 23. Rxe5 Rf6 24. Rbe1 Raf8 25. R1e2 Rf5 26. Qe3 Rxe5 27. Qxe5 Qf5 28. Qxf5 Rxf5 29. Re5 Rxe5 30. dxe5 Be8 31. Bd4 Kf7 32. c3 Kg6 33. f3 h5 34. Kf2 Kf5 35. Ke3 g5 36. Kf2 g4 37. Ke3 Kg5 38. Bc5 Bd7 39. Bd4 1/2-1/2

[Event "SVK-chT2D 14/15"]
[Site "Slovakia"]
[Date "2015.03.08"]
[Round "11.6"]
[White "Cisko, Miloslav"]
[Black "Ferkova, Dominika"]
[Result "0-1"]
[WhiteElo "1818"]
[BlackElo "1756"]
[PlyCount "40"]
[EventDate "2014.10.11"]
[EventType "team-tourn"]
[EventRounds "11"]
[EventCountry "SVK"]
[SourceTitle "EXT 2019"]
[Source "ChessBase"]
[SourceDate "2018.10.10"]
[SourceVersion "1"]
[SourceVersionDate "2018.10.10"]
[SourceQuality "1"]
[WhiteTeam "Spisska Stara Ves"]
[BlackTeam "Bardejov BSK"]
[WhiteTeamCountry "SVK"]
[BlackTeamCountry "SVK"]

1. c4 e5 2. d3 Nf6 3. g3 d5 4. cxd5 Nxd5 5. Bg2 Nb6 6. Nf3 Nc6 7. 0-0 Be7 8. b3 0-0 9. Bb2 Bf6 10. Nbd2 g6 11. Rb1 Bg7 12. Nc4 Nxc4 13. dxc4 Bf5 14. Ra1 e4 15. Bxg7 exf3 16. Bxf8 fxg2 17. Kxg2 Qxf8 18. f3 Qh6 19. g4 Be6 20. Qe1 Nd4 0-1

[Event "SVK-chT2D 14/15"]
[Site "Slovakia"]
[Date "2015.03.07"]
[Round "10.7"]
[White "Cisko, Miloslav"]
[Black "Jusko, Peter"]
[Result "0-1"]
[WhiteElo "1818"]
[BlackElo "1901"]
[PlyCount "64"]
[EventDate "2014.10.11"]
[EventType "team-tourn"]
[EventRounds "11"]
[EventCountry "SVK"]
[SourceTitle "EXT 2019"]
[Source "ChessBase"]
[SourceDate "2018.10.10"]
[SourceVersion "1"]
[SourceVersionDate "2018.10.10"]
[SourceQuality "1"]
[WhiteTeam "Spisska Stara Ves"]
[BlackTeam "Sabinov II"]
[WhiteTeamCountry "SVK"]
[BlackTeamCountry "SVK"]

1. c4 Nf6 2. g3 e6 3. Bg2 Be7 4. e4 Nc6 5. Ne2 0-0 6. d4 d5 7. e5 Ne8 8. c5 g6 9. Bh6 Ng7 10. h4 b6 11. cxb6 axb6 12. Nf4 Bd7 13. Nh3 f6 14. f4 fxe5 15. dxe5 Bb4+ 16. Nd2 Nd4 17. Ng5 Ndf5 18. Bxg7 Kxg7 19. Qb3 Bxd2+ 20. Kxd2 h6 21. Nh3 c5 22. Nf2 Ra4 23. Qf3 Qa8 24. a3 Qa5+ 25. Kc1 Rc4+ 26. Kb1 Nd4 27. Qd1 Ba4 28. Qe1 Qb5 29. Qe3 Rc2 30. Ra2 Bb3 31. Bf1 Bxa2+ 32. Kxa2 Qxb2# 0-1

[Event "SVK-ch U14"]
[Site "Lubovna"]
[Date "2013.04.12"]
[Round "8"]
[White "Kacerik, Timotej"]
[Black "Cisko, Miloslav"]
[Result "0-1"]
[WhiteElo "1000"]
[BlackElo "1414"]
[PlyCount "54"]
[EventDate "2013.04.06"]
[EventType "swiss"]
[EventRounds "9"]
[EventCountry "SVK"]
[SourceTitle "CBM 153 Extra"]
[Source "ChessBase"]
[SourceDate "2013.04.22"]
[SourceVersion "1"]
[SourceVersionDate "2013.04.22"]
[SourceQuality "1"]

1. e4 e5 2. Nf3 Nc6 3. Bc4 Nf6 4. Nc3 Nxe4 5. Nxe4 d5 6. Bxd5 Qxd5 7. Nc3 Qd8 8. d3 Bg4 9. h3 Bh5 10. g4 Bg6 11. Bd2 Bd6 12. 0-0 0-0 13. Be1 f5 14. Qe2 fxg4 15. hxg4 Qf6 16. Nh2 Nd4 17. Qd1 Rae8 18. Nd5 Qd8 19. c3 Ne6 20. d4 exd4 21. cxd4 Bxh2+ 22. Kxh2 Qxd5 23. Bc3 Nf4 24. Rg1 Nd3 25. b3 Rxf2+ 26. Kh3 Re3+ 27. Kh4 Rh2# 0-1